[Event "Acropolis Open"]
[Site "Athens GRE"]
[Date "2008.08.13"]
[Round "5"]
[White "Saravanan,V1"]
[Black "Sarandos,V"]
[Result "0-1"]
[WhiteElo "2405"]
[BlackElo "2259"]

1.Nf3 Nf6 2.c4 c6 3.d4 d5 4.e3 e6 5.Nc3 Nbd7 6.Qc2 Bd6 7.b3 O-O 8.Be2 Re8
9.O-O b6 10.Bb2 Bb7 11.Rad1 Qc7 12.h3 Rac8 13.Qb1 a6 14.Rfe1 c5 15.dxc5 bxc5
16.Bf1 d4 17.exd4 Bxf3 18.gxf3 cxd4 19.Ne4 Bb4 20.Re2 Nh5 21.Bxd4 Ne5 22.Bxe5 Qxe5
23.Nd6 Qg5+ 24.Kh1 Bxd6 25.Rxd6 Red8 26.Qd1 Rxd6 27.Qxd6 Rd8 28.Qe5 Qc1 29.Re1 Qd2
30.Qe2 Qd4 31.Qe3 Qh4 32.c5 Nf4 33.Kh2 Rd3 34.Qe4 f5 35.Qa8+ Rd8 36.Qxd8+ Qxd8
37.c6 Qd6  0-1

[Event "Acropolis Open"]
[Site "Athens GRE"]
[Date "2008.08.13"]
[Round "5"]
[White "Maric,A"]
[Black "Mastrovasilis,A"]
[Result "1-0"]
[WhiteElo "2412"]
[BlackElo "2518"]

1.Nf3 Nf6 2.c4 e6 3.Nc3 d5 4.d4 c6 5.e3 Nbd7 6.Qc2 b6 7.Bd3 Bb7 8.O-O dxc4
9.Bxc4 c5 10.Rd1 Bxf3 11.gxf3 cxd4 12.Rxd4 Bc5 13.Rd1 O-O 14.a3 Qc8 15.Bf1 Ne5
16.Bg2 Ng6 17.f4 Nh4 18.b4 Nxg2 19.Kxg2 Be7 20.Bb2 a5 21.b5 e5 22.fxe5 Qg4+
23.Kf1 Qh3+ 24.Ke1 Ng4 25.Qf5 Bh4 26.Ke2 Bxf2 27.Qf3 Qh4 28.Rd4 f5 29.exf6 Rae8
30.Nd5 Bxe3 31.Rxg4 Qxh2+ 32.Rg2 Bh6+ 33.Ne7+ Rxe7+ 34.fxe7  1-0

[Event "WCh-Junior Girls"]
[Site "Gaziantep TUR"]
[Date "2008.08.13"]
[Round "11"]
[White "Shamima,A"]
[Black "Gasik,An"]
[Result "0-1"]
[WhiteElo "2099"]
[BlackElo "2211"]

1.d4 d5 2.c4 c6 3.Nc3 Nf6 4.Nf3 e6 5.e3 Nbd7 6.Bd3 dxc4 7.Bxc4 b5 8.Bd3 a6
9.e4 c5 10.e5 cxd4 11.Nxb5 axb5 12.exf6 gxf6 13.O-O Qb6 14.Qe2 b4 15.Rd1 Bc5
16.Bf4 h5 17.Nd2 e5 18.Nc4 Qe6 19.Re1 Bb7 20.Qc2 Rg8 21.Be4 Bxe4 22.Qxe4 Ke7
23.Rac1 Rac8 24.Bg3 Rg4 25.Qb7 Qc6 26.Qxc6 Rxc6 27.h3 Rg8 28.Bh4 Ke6 29.Na5 Rc7
30.Nb3 Rgc8 31.Rcd1 Kd5 32.Kf1 Bb6 33.g4 hxg4 34.hxg4 Ra8 35.Nc1 e4 36.f3 e3
37.Nd3 Bc5 38.Nc1 Kc4 39.b3+ Kb5 40.Ne2 d3 41.Rxd3 Ne5 42.Rd5 Nxf3 43.Bg3 Rc6
44.Rc1 Rxa2 45.Kg2 Nd4 46.Rcxc5+ Rxc5 47.Rxd4 Rxe2+ 48.Kf3 Rd2 49.Re4 e2
50.Be1 Rd3+ 51.Kxe2 Rxb3 52.Rf4 f5 53.gxf5 Re5+ 54.Kd2 Rc3 55.Rh4 Rc4 56.Rh7 Rd4+
57.Kc2 Rxe1 58.Rxf7 Re2+ 59.Kc1 Rf4 60.Kd1 Rg2  0-1

[Event "GM"]
[Site "Panevezys LTU"]
[Date "2008.08.13"]
[Round "2"]
[White "Beinoras,M"]
[Black "Malakhatko,V"]
[Result "1/2-1/2"]
[WhiteElo "2426"]
[BlackElo "2612"]

1.d4 Nf6 2.c4 e6 3.Nf3 d5 4.Nc3 c6 5.e3 a6 6.b3 Bb4 7.Bd2 Nbd7 8.Bd3 O-O
9.Qc2 h6 10.O-O Bd6 11.Rad1 e5 12.cxd5 cxd5 13.e4 dxe4 14.Nxe4 Nxe4 15.Bxe4 exd4
16.Nxd4 Nf6 17.Nf5 Nxe4 18.Qxe4 Bxf5 19.Qxf5  1/2-1/2

[Event "Acropolis Open"]
[Site "Athens GRE"]
[Date "2008.08.14"]
[Round "6"]
[White "Pavlidis,Ana"]
[Black "Exizoglou,D"]
[Result "1/2-1/2"]
[WhiteElo "2270"]
[BlackElo "2251"]

1.d4 d5 2.c4 c6 3.Nf3 Nf6 4.Nc3 e6 5.e3 Nbd7 6.Bd3 Bd6 7.e4 dxe4 8.Nxe4 Nxe4
9.Bxe4 O-O 10.O-O h6 11.b3 e5 12.Bc2 exd4 13.Qxd4 Bc5 14.Qc3 Nf6 15.Bb2 Qe7
16.Qd3 Qd8 17.Qc3 Qe7 18.Nh4 Be6 19.Nf5 Bxf5 20.Bxf5 Ba3 21.Rfe1 Bxb2 22.Qxb2 Qc7
23.Qe5 Qxe5 24.Rxe5 Rfe8 25.Rae1 c5 26.Kf1 b6 27.Re7 Kf8 28.Rc7 g6 29.Bd7 Nxd7
30.Rxd7 Rxe1+ 31.Kxe1 Re8+ 32.Kd2 Re7 33.Rd6 Ke8 34.h4 Rd7 35.Rxd7 Kxd7 36.Ke3 Ke6
37.Kf3 Ke5 38.Ke3 Kf5 39.a3 a5 40.Kf3 h5 41.Ke3 f6 42.f3 g5 43.g3 Ke5  1/2-1/2

[Event "Acropolis Open"]
[Site "Athens GRE"]
[Date "2008.08.14"]
[Round "6"]
[White "Sarandos,V"]
[Black "Caselas Cabanas,J"]
[Result "0-1"]
[WhiteElo "2259"]
[BlackElo "2418"]

1.d4 Nf6 2.c4 e6 3.Nf3 d5 4.Nc3 c6 5.e3 a6 6.Qc2 c5 7.dxc5 Bxc5 8.a3 O-O
9.b4 Bd6 10.cxd5 exd5 11.Bd3 Nc6 12.Ne2 Bg4 13.Ned4 Rc8 14.Qb1 Re8 15.Nxc6 Rxc6
16.Nd4 Rb6 17.h3 Bc8 18.Bb2 Ne4 19.Nf3 Bb8 20.Bd4 Rg6 21.g3 Rge6 22.Qb2 f6
23.Nd2 Kh8 24.Nxe4 dxe4 25.Bc4 Rc6 26.Bb3 Qc7 27.Kd2 Rd8 28.Ke2 Be6 29.Rad1 Rc8
30.Rd2 Qf7 31.Bxe6 Qxe6 32.Qa2 Qf5 33.Rhd1 Qxh3 34.Bc5 Qh5+ 35.Ke1 Re8 36.Rd7 b6
37.Bd6 Bxd6 38.R7xd6 Rxd6 39.Rxd6 h6 40.Qd2 Qh1+ 41.Ke2 Kh7 42.Qd5 Re5 43.Qd1 Qg2
44.Rd5 Qf3+ 45.Ke1 Qxd1+ 46.Rxd1 a5 47.Rd4 f5 48.bxa5 bxa5 49.Rd6 Rb5 50.Ra6 h5
51.a4 Rc5 52.Kf1 g6 53.Kg2 Kh6 54.Kh3 Kg5 55.Kg2 Rd5 56.Kh3 Rd2 57.Kg2 h4
58.gxh4+ Kxh4 59.Rxg6 Ra2 60.Rh6+ Kg5 61.Rh8 Rxa4 62.Rg8+ Kf6 63.Kg3 Ra2
64.Re8 a4 65.f3 Re2 66.Kf4 Rf2 67.Rf8+ Ke6 68.Re8+ Kd5 69.Rd8+ Kc4 70.Rd4+ Kb3
71.Kxf5 exf3 72.Ke4 a3 73.Rd3+ Kb2 74.Rd8 a2 75.Rb8+ Kc1 76.Rh8 Kb1 77.Rb8+ Rb2
78.Ra8 Rc2 79.Rb8+ Kc1 80.Rh8 f2 81.Rh1+ Kb2  0-1

[Event "Acropolis Open"]
[Site "Athens GRE"]
[Date "2008.08.14"]
[Round "6"]
[White "Salgado Lopez,I"]
[Black "Danielian,E"]
[Result "1/2-1/2"]
[WhiteElo "2532"]
[BlackElo "2495"]

1.c4 c6 2.Nf3 d5 3.e3 Nf6 4.Nc3 e6 5.d4 Nbd7 6.Qc2 Bd6 7.Be2 dxc4 8.Bxc4 b5
9.Be2 Bb7 10.O-O O-O 11.Rd1 Qc7 12.e4 e5 13.g3 Rfe8 14.a3 a6 15.b4 exd4 16.Nxd4 Be5
17.Be3 c5 18.bxc5 Nxc5 19.Rac1 Rac8 20.Bf3 Qa5 21.Qb1 Qxa3 22.Ndxb5 axb5
23.Nxb5 Qa4 24.Rxc5 Rxc5 25.Bxc5 Bxe4 26.Bxe4 Nxe4 27.Bd4 Rd8 28.Rd3 Qc4
29.Re3 Nd2 30.Qe1 Qxb5 31.Bxe5 Nc4 32.Bc7 Nxe3 33.Bxd8 Nc2 34.Qd1 Qc4 35.Bb6  1/2-1/2

[Event "FSGM August"]
[Site "Budapest HUN"]
[Date "2008.08.14"]
[Round "13"]
[White "Nguyen Huynh Minh Huy"]
[Black "Duong The Anh"]
[Result "1/2-1/2"]
[WhiteElo "2477"]
[BlackElo "2445"]

1.d4 d5 2.c4 c6 3.Nf3 Nf6 4.e3 e6 5.Nc3 Nbd7 6.Bd3 dxc4 7.Bxc4 b5 8.Be2 b4
9.Na4 Bb7 10.O-O Bd6  1/2-1/2

[Event "IV RC Sport Open"]
[Site "Ceska Trebova CZE"]
[Date "2008.08.14"]
[Round "8"]
[White "Michenka,J"]
[Black "Frisk,E"]
[Result "1-0"]
[WhiteElo "2396"]
[BlackElo "2102"]

1.d4 d5 2.c4 c6 3.e3 Nf6 4.Nc3 e6 5.Nf3 Nbd7 6.Qc2 Bd6 7.g4 h6 8.Rg1 Qe7
9.h4 dxc4 10.Bxc4 Nd5 11.Bd2 Nxc3 12.Bxc3 Nb6 13.Bb3 Bd7 14.e4 O-O-O 15.O-O-O Kb8
16.Kb1 f6 17.h5 Be8 18.Rge1 Bf7 19.a3 Qd7 20.Ne5 Qe7 21.Nxf7 Qxf7 22.a4 Nd7
23.Bc4 Rhe8 24.Qb3 Ka8 25.a5 a6 26.Bd2 Nf8 27.f4 Qc7 28.Rf1 Rd7 29.Qa4 Qd8
30.Be3 Bb8 31.Rd3 Qc7 32.Rfd1 Ba7 33.Qb4 Red8 34.Qc3 Qd6 35.R3d2 Qc7 36.Be2 e5
37.dxe5 Bxe3 38.Rxd7 Rxd7 39.exf6 Rxd1+ 40.Bxd1 gxf6 41.Qxe3 Qxa5 42.e5 fxe5
43.fxe5 Ne6 44.Bb3 Ng5 45.e6 Qd8 46.e7 Qe8 47.Bc2 Kb8 48.Bg6 Nf7 49.Bxf7  1-0

[Event "WCh-Junior"]
[Site "Gaziantep TUR"]
[Date "2008.08.14"]
[Round "12"]
[White "Karthikeyan,P"]
[Black "Ragger,M"]
[Result "1-0"]
[WhiteElo "2402"]
[BlackElo "2527"]

1.d4 d5 2.c4 c6 3.Nf3 Nf6 4.Nc3 e6 5.e3 Nbd7 6.Qc2 Bd6 7.Bd3 O-O 8.O-O Re8
9.e4 dxe4 10.Nxe4 Nxe4 11.Bxe4 Nf6 12.Bg5 h6 13.Bh4 g5 14.Bg3 Bxg3 15.hxg3 g4
16.Ne5 Qxd4 17.Rfe1 Kg7 18.Bg6 Qxe5 19.Rxe5 fxg6 20.Qc3 Bd7 21.Rd1 Rad8 22.Re3 Bc8
23.Rxd8 Rxd8 24.Rd3  1-0

[Event "Acropolis Open"]
[Site "Athens GRE"]
[Date "2008.08.15"]
[Round "7"]
[White "Caselas Cabanas,J"]
[Black "Mastrovasilis,D"]
[Result "1/2-1/2"]
[WhiteElo "2418"]
[BlackElo "2563"]

1.d4 d5 2.Nf3 c6 3.c4 Nf6 4.Nc3 e6 5.e3 Nbd7 6.Bd3 dxc4 7.Bxc4 b5 8.Be2 Bb7
9.O-O Be7 10.e4 b4 11.e5 bxc3 12.exf6 Bxf6 13.bxc3 c5 14.dxc5 O-O 15.Ba3 Be7
16.Qd4 Qc7 17.Rab1 Bc6 18.Nd2 Rfd8 19.Qe3 Nf6 20.c4 Qa5 21.Rb2 Rab8 22.Rfb1 Rxb2
23.Rxb2 h6 24.h3 Nd7 25.Bf3 Bxf3 26.Nxf3 Bxc5 27.Bxc5 Nxc5 28.Rb5 Qc7 29.Rxc5 Rd1+
30.Ne1 Rxe1+ 31.Qxe1 Qxc5 32.Qc3 Kf8 33.g3 e5 34.h4 Ke7 35.Qb3 Ke6 36.Qd3 g6
37.Qb3 Qb6 38.Qa4 Qc5 39.Kf1 Ke7 40.Ke2 Qd4 41.Qa3+ Kf6 42.c5 Qe4+ 43.Kf1 Qh1+
44.Ke2 Qe4+ 45.Kf1  1/2-1/2

[Event "ch-Euro Seniors"]
[Site "Davos SUI"]
[Date "2008.08.15"]
[Round "7"]
[White "Muratoglu,S"]
[Black "Reinke,K"]
[Result "1-0"]
[WhiteElo "2099"]
[BlackElo "1991"]

1.d4 d5 2.c4 c6 3.Nf3 e6 4.e3 Nf6 5.Nc3 Nbd7 6.Bd3 dxc4 7.Bxc4 b5 8.Bd3 Bb7
9.a3 a6 10.e4 c5 11.e5 cxd4 12.Nxb5 axb5 13.exf6 Qxf6 14.Bxb5 Bxf3 15.Qxf3 Qxf3
16.gxf3 Bd6 17.O-O Ke7 18.Rd1 e5 19.f4 f6 20.fxe5 fxe5 21.b4 Nf6 22.Bc6 Rac8
23.b5 Bc5 24.a4 Nd7 25.Ba3 Bxa3 26.Rxa3 Nb8 27.Be4 Rc5 28.Rb1 g6 29.a5 Rhc8
30.a6 Rc1+ 31.Rxc1 Rxc1+ 32.Kg2 Nd7 33.a7 Nb6 34.Ra6 d3 35.Bxd3  1-0

[Event "WCh-Junior Girls"]
[Site "Gaziantep TUR"]
[Date "2008.08.15"]
[Round "13"]
[White "Harika,D"]
[Black "Nemcova,Kat"]
[Result "1/2-1/2"]
[WhiteElo "2461"]
[BlackElo "2372"]

1.Nf3 d5 2.d4 Nf6 3.c4 c6 4.Nc3 e6 5.e3 Nbd7 6.Qc2 Bd6 7.g4 dxc4 8.Bxc4 e5
9.Bd2 exd4 10.Nxd4 Nxg4 11.Ne4 Nde5 12.Be2 O-O  1/2-1/2

[Event "Open"]
[Site "Stare Mesto CZE"]
[Date "2008.08.15"]
[Round "9"]
[White "Rojicek,V"]
[Black "Beil,M"]
[Result "1-0"]
[WhiteElo "2346"]
[BlackElo "2208"]

1.d4 d5 2.c4 c6 3.Nf3 Nf6 4.Nc3 e6 5.e3 Nbd7 6.Bd3 dxc4 7.Bxc4 b5 8.Bd3 a6
9.e4 c5 10.e5 cxd4 11.Nxb5 axb5 12.exf6 Qb6 13.fxg7 Bxg7 14.O-O Bb7 15.Re1 O-O
16.Bf4 Bd5 17.Ne5 Nxe5 18.Bxe5 Bxe5 19.Rxe5 f5 20.Rxd5 exd5 21.Qb3 Qe6 22.Bxb5 f4
23.Rd1 f3 24.g3 Rac8 25.a4 Rf7 26.Bf1 Qe4 27.a5 Rfc7 28.a6 Rc1 29.a7 Rxd1
30.Qxd1 Ra8 31.Qb3 Kf8 32.Qb7 Qe8 33.b4 Qc8 34.Qxc8+ Rxc8 35.b5  1-0

[Event "Acropolis Open"]
[Site "Athens GRE"]
[Date "2008.08.16"]
[Round "8"]
[White "Banikas,H"]
[Black "Danielian,E"]
[Result "1/2-1/2"]
[WhiteElo "2571"]
[BlackElo "2495"]

1.d4 d5 2.c4 c6 3.Nf3 Nf6 4.e3 e6 5.Nc3 Nbd7 6.Bd3 dxc4 7.Bxc4 b5 8.Bd3 Bd6
9.O-O Bb7 10.Bd2 Qe7 11.Rc1 O-O 12.Ng5 a6 13.Nce4 c5 14.Nxf6+ Nxf6 15.dxc5 Bxc5
16.Nxh7 Rfd8 17.Nxf6+ Qxf6 18.Rxc5 Rxd3 19.Qe2 Rad8 20.Bc3 Qg6 21.f3 R3d5
22.Rc7 R5d7 23.Rxd7 Rxd7 24.e4 Qg5 25.a3 Qd8 26.Rc1 f6 27.h4 e5 28.Qe3 Kh7
29.Kh2 f5 30.exf5 Qxh4+ 31.Kg1 e4 32.fxe4 Bxe4 33.Rf1 Qg4 34.Qh3+ Qxh3 35.gxh3 Rf7
36.f6 gxf6 37.Rxf6  1/2-1/2

[Event "Petrovskaya Ladya IM"]
[Site "Peterhof RUS"]
[Date "2008.08.16"]
[Round "7"]
[White "Timofeev,An"]
[Black "Moiseenko,Va"]
[Result "0-1"]
[WhiteElo "2236"]
[BlackElo "2225"]

1.c4 c6 2.e3 Nf6 3.Nc3 e6 4.d4 d5 5.Nf3 Nbd7 6.Qc2 Bd6 7.g4 Bb4 8.Bd2 Qe7
9.Rg1 O-O 10.a3 Bxc3 11.Bxc3 Ne4 12.cxd5 exd5 13.Bb4 c5 14.dxc5 a5 15.Bc3 Ndxc5
16.Bd4 Bd7 17.b3 Rac8 18.Qb2 g6 19.Rd1 f5 20.Rg2 f4 21.Be2 Ne6 22.Be5 fxe3
23.fxe3 Bb5 24.g5 Bxe2 25.Kxe2 Rf5 26.Rg4 Rcf8 27.Rf1 Qd7 28.Rf4 Qb5+ 29.Ke1 N4c5
30.Rxf5 Nd3+ 31.Kd2 Nxb2 32.Rxf8+ Nxf8 33.Re1 Qxb3 34.Bf6 Nc4+ 35.Kc1 Qxa3+
36.Kb1 Qb3+ 37.Kc1  0-1

[Event "Open A"]
[Site "Vladimir RUS"]
[Date "2008.08.16"]
[Round "5"]
[White "Savina,A"]
[Black "Romanko,M"]
[Result "0-1"]
[WhiteElo "2269"]
[BlackElo "2374"]

1.d4 d5 2.c4 c6 3.Nc3 Nf6 4.e3 e6 5.Nf3 Nbd7 6.Qc2 Bd6 7.Be2 O-O 8.O-O b6
9.e4 dxe4 10.Nxe4 Nxe4 11.Qxe4 Bb7 12.Rd1 Qc7 13.Bd3 g6 14.c5 bxc5 15.Qh4 cxd4
16.Bh6 Rfd8 17.Bg5 c5 18.Bxd8 Qxd8 19.Qh3 Rb8 20.Nd2 Nf6 21.Rac1 e5 22.Bc4 Kg7
23.Qa3 e4 24.Nf1 a5 25.Re1 h5 26.Qa4 h4 27.h3 Nh5 28.Nd2 f5 29.Nb3 Nf4 30.Bf1 Qe7
31.Nxd4 cxd4 32.Qxd4+ Be5 33.Qc5 Qxc5 34.Rxc5 Kf6 35.Rxa5 Bc8 36.Rb5 Rxb5
37.Bxb5 Bxb2 38.a4 Nd5 39.Rb1 Bc3 40.Rc1 Be6 41.Bc4 Bd2 42.Ra1 Ba5 43.Bxd5 Bxd5
44.Rc1 Ke5 45.Rc5 Bd2 46.Rc8 Kd4 47.Rd8 f4 48.Kf1 Ba5 49.Rd7 Kc5 50.Re7 Bc4+
51.Kg1 Bd3 52.Kh2 Bd2 53.a5 Kb5 54.Re5+ Ka6  0-1

[Event "Acropolis Open"]
[Site "Athens GRE"]
[Date "2008.08.17"]
[Round "9"]
[White "Caselas Cabanas,J"]
[Black "Zhukova,N"]
[Result "1/2-1/2"]
[WhiteElo "2418"]
[BlackElo "2489"]

1.d4 d5 2.Nf3 Nf6 3.c4 c6 4.Nc3 e6 5.e3 Nbd7 6.Bd3 a6 7.b3 Bb4 8.Bd2 Qe7
9.O-O e5 10.dxe5 Nxe5 11.Nxe5 Qxe5 12.Nxd5 Nxd5 13.cxd5 Bxd2 14.Qxd2 Qxd5
15.Qc2 Qh5 16.f4 O-O 17.e4 f6 18.Rae1 Be6 19.e5 f5 20.Bc4 Qf7 21.Rd1 Rad8
22.Rd3 Bxc4 23.bxc4 b5 24.cxb5 Rxd3 25.Qxd3 axb5 26.a3 Ra8 27.h3 h6 28.Kh1 Qc4
29.Rf3 Qxd3 30.Rxd3 c5 31.Rd5 b4 32.axb4 cxb4 33.Rb5 Ra1+ 34.Kh2 Rb1 35.Rb7 b3
36.e6 Re1 37.Rb8+ Kh7 38.Rxb3  1/2-1/2

[Event "ch-Euro Seniors"]
[Site "Davos SUI"]
[Date "2008.08.17"]
[Round "9"]
[White "Kraidman,Y"]
[Black "Niebling,F"]
[Result "1-0"]
[WhiteElo "2280"]
[BlackElo "2197"]

1.d4 d5 2.Nf3 Nf6 3.c4 c6 4.e3 e6 5.Nc3 Nbd7 6.Bd3 Bd6 7.O-O O-O 8.e4 dxc4
9.Bxc4 e5 10.Bg5 Qe7 11.d5 Nb6 12.Bb3 Bg4 13.h3 Bh5 14.g4 Bg6 15.dxc6 bxc6
16.Nh4 Bc5 17.Qe2 a5 18.Na4 Bd4 19.Nxb6 Bxb6 20.Rac1 a4 21.Bd1 Qe6 22.Nxg6 hxg6
23.Rc4 a3 24.Bb3 Qd7 25.bxa3 Bd4 26.Ba4 Qd6 27.Bxf6 gxf6 28.Rxc6 Qxa3 29.Bb3 Kg7
30.Qf3 Qe7 31.Rfc1 Ra7 32.Kg2 Rb8 33.h4 Rh8 34.h5 Rh6 35.Rc8 Rh8 36.Rxh8 Kxh8
37.hxg6 fxg6 38.Rc8+  1-0

[Event "Open"]
[Site "Panevezys LTU"]
[Date "2008.08.17"]
[Round "8"]
[White "Rumiancev,B"]
[Black "Klabis,R"]
[Result "1-0"]
[WhiteElo "2153"]
[BlackElo "1838"]

1.d4 d5 2.c4 c6 3.Nf3 Nf6 4.e3 e6 5.Nc3 Nbd7 6.Qc2 Bd6 7.Bd2 b6 8.cxd5 cxd5
9.Nb5 Bb8 10.Bb4 Bb7 11.Bd3 a6 12.Nd6+ Bxd6 13.Bxd6 Rc8 14.Qe2 Rc6 15.Ba3 b5
16.O-O Qc7 17.Qe1 Ng4 18.Qb4 Qd8 19.Rac1 Nb8 20.Rxc6 Nxc6 21.Qc5 f5 22.h3 Nf6
23.Ne5 Nxe5 24.dxe5 Nd7 25.Qd6 Kf7 26.Rc1 Re8 27.Rc7 Bc8 28.Bb4 Kg8 29.a4 bxa4
30.Bc2 Nb8 31.Bxa4  1-0

[Event "5th DA Tan Malaysian Open"]
[Site "Kuala Lumpur MAS"]
[Date "2008.08.19"]
[Round "3"]
[White "Lim Yee Weng"]
[Black "Irwanto,S"]
[Result "1/2-1/2"]
[WhiteElo "2367"]
[BlackElo "2453"]

1.c4 e6 2.Nc3 d5 3.d4 c6 4.e3 Nf6 5.Nf3 Nbd7 6.Be2 Bd6 7.Qc2 O-O 8.O-O dxc4
9.Bxc4 e5 10.h3 Qe7 11.Bd3 Re8 12.dxe5 Nxe5 13.Nxe5 Bxe5 14.Re1 g6 15.b3 Rd8
16.Bb2 Qc5 17.Rad1 Be6 18.Kh1 b5 19.f4 Bxc3 20.Qxc3 Qxc3 21.Bxc3 Nd5 22.Ba5 Re8
23.Be4 f5 24.Bf3 Bf7 25.e4 Nxf4 26.exf5 Bd5 27.Rf1 gxf5 28.Bxd5+ Nxd5 29.Rxf5 Re6
30.Rc1 Rae8 31.Rg5+ Kf7 32.Bc3 Rg6 33.Rxg6 hxg6 34.Bd4 Re2 35.Rxc6 Rd2 36.Bxa7 Rxa2
37.Bd4 Rd2 38.Be5 Re2 39.Bd4 Rd2 40.Be5  1/2-1/2

[Event "5th DA Tan Malaysian Open"]
[Site "Kuala Lumpur MAS"]
[Date "2008.08.20"]
[Round "6"]
[White "Zhang Ziyang"]
[Black "Yu Lie"]
[Result "1/2-1/2"]
[WhiteElo "2441"]
[BlackElo "2377"]

1.d4 d5 2.Nf3 Nf6 3.c4 e6 4.e3 c6 5.Nc3 Nbd7 6.Qc2 Bd6 7.e4 dxe4 8.Nxe4 Nxe4
9.Qxe4 Bb4+ 10.Bd2 Bxd2+ 11.Nxd2 Nf6 12.Qh4 c5 13.dxc5 Qa5 14.Bd3 Qxc5 15.O-O-O Bd7
16.Qg3 O-O 17.Rhe1 Rad8 18.Re5 Qc7  1/2-1/2

[Event "Independence Cup A"]
[Site "Kyiv UKR"]
[Date "2008.08.20"]
[Round "8"]
[White "Grinev,V"]
[Black "Dolzhikova,K"]
[Result "0-1"]
[WhiteElo "2297"]
[BlackElo "2339"]

1.Nf3 d5 2.d4 Nf6 3.c4 c6 4.Nc3 e6 5.e3 Nbd7 6.Qc2 Bd6 7.b3 O-O 8.Be2 b6
9.O-O Bb7 10.Bb2 Rc8 11.Rad1 Qe7 12.e4 dxe4 13.Nxe4 Nxe4 14.Qxe4 f5 15.Qh4 Nf6
16.Ne5 Rfd8 17.Bf3 c5 18.Bxb7 Qxb7 19.dxc5 Bxc5 20.Nf3 Qe7 21.Bxf6 Qxf6 22.Qxf6 gxf6
23.Rb1 a5 24.Rfd1 Kf7 25.Kf1 e5 26.g3 Ke6 27.Ke2 a4 28.Rxd8 Rxd8 29.b4 Bf8
30.a3 Bh6 31.Rd1 Rc8 32.Nd2 Bxd2 33.Rxd2 Rxc4 34.Rd8 Rc2+ 35.Kf1 Rc3 36.Rb8 Rxa3
37.Rxb6+ Kd5 38.Rxf6 Rb3 39.f4 a3 40.Ra6 exf4 41.gxf4 Kc4 42.Ke2 Rb2+ 43.Ke3 a2
44.b5 Kxb5 45.Ra7 Kb4 46.Kd4 Rxh2 47.Ke5 Rc2 48.Kf6 Kb3 49.Kxf5 Rc4  0-1

[Event "U16 Olympiad"]
[Site "Mersin TUR"]
[Date "2008.08.20"]
[Round "5"]
[White "Auckland,E"]
[Black "Hasenohr,B"]
[Result "1-0"]
[WhiteElo "1990"]
[BlackElo "2021"]

1.d4 Nf6 2.c4 e6 3.Nf3 d5 4.Nc3 c6 5.e3 Nbd7 6.Qc2 Bd6 7.g4 h6 8.h3 dxc4
9.e4 e5 10.dxe5 Nxe5 11.Nxe5 Bxe5 12.Bxc4 Qe7 13.Bd3 Bd4 14.Ne2 Qb4+ 15.Kf1 Bb6
16.a3 Qc5 17.Qxc5 Bxc5 18.b4 Be7 19.Bb2 Be6 20.Nd4 O-O-O 21.Ke2 Bd7 22.f4 Rhe8
23.Kf3 Kb8 24.Rac1 b6 25.Rxc6 Kb7 26.Rcc1 Ba4 27.Bb1 Rd7 28.Rhe1 Red8 29.Nf5 Bf8
30.Bc3 Bc6 31.Ne3 Rc8 32.Be5 Rd2 33.Nc4 Rd7 34.Ba1 Rdc7 35.Bb2 Be7 36.Ne5 Be8
37.Rxc7+ Rxc7 38.Rd1 g6 39.Rd2 Nd7 40.Nxd7 Rxd7 41.Re2 Kc6 42.Ba2 Rd3+ 43.Re3 Rxe3+
44.Kxe3 a5 45.bxa5 bxa5 46.a4 f6 47.Bd4 Bd8 48.Bc4 Kd6 49.e5+ fxe5 50.fxe5+ Kc7
51.Bb5 Bg5+ 52.Kd3 Bf7 53.Be3 Bxe3 54.Kxe3 g5 55.Kd4 Bg6 56.Kc5 Kd8 57.Kd6 Be8
58.Bxe8 Kxe8 59.e6  1-0

[Event "44th Rubinstein Mem Open A"]
[Site "Polanica Zdroj POL"]
[Date "2008.08.20"]
[Round "2"]
[White "Kveinys,A"]
[Black "Wcislo,D"]
[Result "1/2-1/2"]
[WhiteElo "2527"]
[BlackElo "2216"]

1.c4 e6 2.d4 d5 3.Nc3 c6 4.e3 Nf6 5.Nf3 Nbd7 6.Qc2 Bd6 7.g4 Bb4 8.Bd2 dxc4
9.Bxc4 b5 10.Bd3 Bb7 11.g5 Nh5 12.Ne4 Be7 13.b4 a5 14.bxa5 b4 15.Rb1 Qxa5
16.a3 c5 17.dxc5 Nxc5 18.Nxc5 Qxc5 19.Qxc5 Bxc5 20.Ke2 Rxa3 21.Bb5+ Ke7 22.Rhc1 Nf4+
23.Kf1 Rc8 24.Rxc5 Rxc5 25.Bxb4 Rc3 26.Bc4 Nd3 27.Bxd3 Bxf3 28.Be2 Bxe2+
29.Kxe2 Kd7 30.Bxc3 Rxc3 31.Rb7+ Rc7 32.Rxc7+ Kxc7 33.Kd3 Kd6 34.Kd4 e5+
35.Kc4 h6 36.gxh6 gxh6 37.e4 Kc6 38.h3 h5 39.h4 f6 40.f3 Kd6 41.Kb5 Ke7  1/2-1/2

[Event "44th Rubinstein Mem Open A"]
[Site "Polanica Zdroj POL"]
[Date "2008.08.21"]
[Round "3"]
[White "Barski,R"]
[Black "Wierzbicka,W"]
[Result "1-0"]
[WhiteElo "2154"]
[BlackElo "2033"]

1.d4 d5 2.c4 c6 3.Nc3 Nf6 4.Nf3 e6 5.e3 Nbd7 6.Qc2 Bd6 7.g4 Bb4 8.Bd2 Qe7
9.g5 Bxc3 10.Bxc3 Ne4 11.Bd3 Nxg5 12.Nxg5 Qxg5 13.Bb4 f5 14.O-O-O dxc4 15.Bxc4 Nb6
16.Bd3 Nd5 17.Bd6 Qd8 18.Ba3 a5 19.Rhg1 Rg8 20.e4 Nb4 21.Qc5 b5 22.Bb1 g6
23.Bxb4 axb4 24.exf5 Qc7 25.fxg6 Qf4+ 26.Rd2 Bd7 27.Qe5 Qxe5 28.dxe5 Ke7
29.g7 Be8 30.Bxh7 Rxa2 31.Kb1 Bg6+ 32.Rxg6 Raa8 33.Rd6  1-0

[Event "Open A"]
[Site "Vladimir RUS"]
[Date "2008.08.21"]
[Round "9"]
[White "Domogaev,S"]
[Black "Orlov,O2"]
[Result "1-0"]
[WhiteElo "2364"]
[BlackElo "2315"]

1.d4 d5 2.Nf3 Nf6 3.c4 c6 4.e3 e6 5.Nc3 Nbd7 6.Qc2 Be7 7.Bd2 b6 8.g4 h6 9.g5 hxg5
10.Nxg5 Nh5 11.h4 Bb7 12.Rg1 Bxg5 13.hxg5 g6 14.Bd3 dxc4 15.Bxc4 Qc7 16.O-O-O O-O-O
17.Kb1 Kb8 18.Bc1 Ng7 19.f4 Nf5 20.e4 Nd6 21.Bd3 a6 22.a4 c5 23.e5 Nc8 24.Be4 Bxe4
25.Nxe4 cxd4 26.Qxc7+ Kxc7 27.Rxd4 Nb8 28.Rc4+ Kb7 29.Bd2 a5 30.Rgc1 Na6
31.Be3 Rd3 32.Bd4 Kb8 33.Nd6 Nxd6 34.exd6 Rd8 35.Bxb6 R8xd6 36.Bxa5 R6d4
37.Ka2 Kb7 38.b4 Rd2+ 39.Kb3 R2d3+ 40.R1c3 Rxc4 41.Kxc4 Rd1 42.Rd3 Rc1+ 43.Kb5 Nb8
44.Bb6 Rf1 45.Be3 Rf3 46.a5 Na6 47.Kc4 Nc7 48.b5 Nd5 49.a6+ Ka8 50.Bd2 Rf1
51.Kc5 Ka7 52.Kc6 Rb1 53.Kc5 Rb2 54.Be3 Nxe3 55.Rxe3 Rc2+ 56.Kb4 Rb2+ 57.Rb3 Rc2
58.Rc3 Rb2+ 59.Kc5 Rd2 60.Kc6 Rb2 61.Rc4 Rb1 62.Kc5 Rb2 63.Rd4 Rc2+ 64.Kd6 Re2
65.Ke7 e5 66.Rd7+ Kb6 67.Rb7+ Kc5 68.fxe5 Rxe5+ 69.Kxf7  1-0

[Event "5th DA Tan Malaysian Open"]
[Site "Kuala Lumpur MAS"]
[Date "2008.08.22"]
[Round "7"]
[White "Simanjuntak,S"]
[Black "Ong,Way"]
[Result "1-0"]
[WhiteElo "2256"]
[BlackElo "2008"]

1.d4 d5 2.Nf3 Nf6 3.c4 c6 4.Nc3 e6 5.e3 Nbd7 6.Bd3 Bd6 7.O-O O-O 8.e4 dxe4
9.Nxe4 Nxe4 10.Bxe4 Nf6 11.Bc2 c5 12.Bg5 cxd4 13.Qd3 g6 14.Qxd4 Be7 15.Qh4 Re8
16.Rad1 Nd7 17.Ba4 f6 18.Qe4 Nc5 19.Rxd8 Rxd8 20.Qh4 fxg5 21.Nxg5 h5 22.Bc2 Kg7
23.Nxe6+  1-0

[Event "5th DA Tan Malaysian Open"]
[Site "Kuala Lumpur MAS"]
[Date "2008.08.22"]
[Round "8"]
[White "Zhou Weiqi"]
[Black "Xiu,D"]
[Result "1/2-1/2"]
[WhiteElo "2556"]
[BlackElo "2410"]

1.d4 d5 2.c4 c6 3.Nf3 Nf6 4.Nc3 e6 5.e3 Nbd7 6.Qc2 Bd6 7.g4 h6 8.Rg1 e5 9.cxd5 cxd5
10.h4 e4 11.g5 hxg5 12.hxg5 exf3 13.gxf6 Nxf6 14.Qd1 g6 15.Qxf3 Bf5 16.Bd2 Be4
17.Nxe4 Nxe4 18.Bd3 Qe7 19.Rg4 Rh4 20.Rc1 Rxg4 21.Qxg4 Kf8 22.Ke2 Kg7 23.Rh1 Rh8
24.Rxh8 Kxh8 25.Ba5 Kg7 26.Be1 f5 27.Qg2 Bb4 28.Bxe4 fxe4 29.Qg4 Bd6 30.Bc3 Qf7
31.Qg5 a6 32.Ke1 Qf5 33.Qd8 Qe6 34.Ba5 Qe7 35.Qc8 Qf7 36.a3 Bh2 37.Bd8 Bd6
38.b4 Kh6 39.Bb6 g5 40.Bc5 Bxc5 41.bxc5 Qf3 42.Qh8+ Kg6 43.Qb8 Kh6 44.Qh8+ Kg6
45.Qh2 Qf6 46.Qc7 Qc6 47.Qd8 Qb5 48.Qg8+ Kh6 49.Qe6+ Kh5 50.Qf7+ Kh4 51.Qxd5 Qb1+
52.Ke2 Qd3+ 53.Ke1 Qb1+ 54.Ke2  1/2-1/2

[Event "5th DA Tan Malaysian Open"]
[Site "Kuala Lumpur MAS"]
[Date "2008.08.22"]
[Round "8"]
[White "Goldenberg,I"]
[Black "Lim Yee Weng"]
[Result "0-1"]
[WhiteElo "2386"]
[BlackElo "2367"]

1.c4 c6 2.Nf3 d5 3.d4 Nf6 4.Nc3 e6 5.e3 Nbd7 6.Qc2 Bd6 7.Be2 O-O 8.O-O Re8
9.b3 dxc4 10.bxc4 e5 11.Bb2 Qe7 12.Rfe1 e4 13.Nd2 Nf8 14.f3 exf3 15.Bxf3 Ng4
16.Nf1 Qg5 17.e4 Ne6 18.e5 Nxd4 19.exd6 Ne5 20.Rxe5 Nxf3+ 21.Kh1 Nxe5 22.Ng3 Qg6
23.Nce4 Bf5 24.Nxf5 Qxf5 25.c5 Qg6 26.Re1 Rad8 27.Qc3 Ng4 28.Kg1 f5 29.Ng3 Rxe1+
30.Qxe1 Qe8 31.Qc3 Qe3+ 32.Qxe3 Nxe3 33.Bc1 f4 34.Nh5 Nd5 35.Nxf4 Nxf4 36.Bxf4 h6
37.Kf2 Kf7 38.Ke3 Ke6 39.Ke4 Rf8 40.g4 b6 41.Be3 bxc5 42.Bxc5 a5 43.a4 Rb8
44.h4 g6 45.h5 gxh5 46.gxh5 Rb1 47.Be3 Rb4+ 48.Kd3 Rxa4 49.Bd2 Rh4 50.Bxh6 Rxh5
51.Bf8 Rb5 52.Kc3 a4 53.Kc2 Kd7  0-1

[Event "ch-SLO"]
[Site "Ljubljana SLO"]
[Date "2008.08.22"]
[Round "7"]
[White "Tratar,M"]
[Black "Crepan,M"]
[Result "1-0"]
[WhiteElo "2486"]
[BlackElo "2363"]

1.c4 Nf6 2.Nf3 c6 3.Nc3 d5 4.e3 e6 5.d4 Nbd7 6.Qc2 dxc4 7.Bxc4 b5 8.Bd3 Bb7
9.e4 a6 10.e5 Nd5 11.Nxd5 cxd5 12.Bd2 Rc8 13.Qb3 Nb6 14.Ba5 Rc6 15.Ke2 Qd7
16.Rhc1 Nc4 17.Bb4 Bxb4 18.Qxb4 Qe7 19.a3 Qc7 20.b3 Na5 21.Rxc6 Nxc6 22.Qc5 f6
23.a4 b4 24.Rc1 Kd7 25.Ke1 Rc8 26.Bxh7 Qb8 27.exf6 gxf6 28.Kd1 Ba8 29.Bd3 Bb7
30.Qb6 Qa8 31.h4 Rg8 32.g3 Rd8 33.h5 Rh8 34.g4 Rg8 35.g5 Rxg5 36.Ne5+ Kd6
37.Bxa6 Qxa6 38.Rxc6+  1-0

[Event "U16 Olympiad"]
[Site "Mersin TUR"]
[Date "2008.08.22"]
[Round "7"]
[White "Kafetzopoulos,A"]
[Black "Komut,K"]
[Result "0-1"]
[WhiteElo "2049"]
[BlackElo "1813"]

1.d4 d5 2.c4 c6 3.Nc3 Nf6 4.e3 e6 5.Nf3 Nbd7 6.Qc2 Bd6 7.g4 h6 8.Bd2 a6 9.Rg1 Qe7
10.O-O-O dxc4 11.Bxc4 b5 12.Bd3 Bb7 13.g5 hxg5 14.Rxg5 c5 15.Ne5 cxd4 16.exd4 b4
17.Nxd7 Nxd7 18.Rxg7 bxc3 19.Bxc3 Rc8 20.Kb1 Qf6 21.Rdg1 Rxh2 22.Qa4 Qxf2
23.Rf1 Rxc3 24.Qxd7+ Kxd7 25.Rxf7+ Qxf7 26.Rxf7+ Ke8  0-1